[Event "Palermo op"]
[Site "Palermo"]
[Date "2004.11.01"]
[Round "7"]
[White "Gangemi, Salvatore"]
[Black "Massafra, Antonio"]
[Result "1-0"]
[WhiteElo "2105"]
[BlackElo "1801"]
[PlyCount "37"]
[EventDate "2004.10.29"]
[EventType "swiss"]
[EventRounds "9"]
[EventCountry "ITA"]
[SourceTitle "EXT 2007"]
[Source "ChessBase"]
[SourceDate "2006.11.23"]
[SourceVersion "1"]
[SourceVersionDate "2006.11.23"]
[SourceQuality "1"]

1. e4 d5 2. exd5 Qxd5 3. Nc3 Qa5 4. Nf3 Nf6 5. h3 Bf5 6. d4 c6 7. Bd2 e6 8. a3 Nbd7 9. Bc4 Qc7 10. Qe2 Nb6 11. Bb3 0-0-0 12. Bg5 Bd6 13. Ne5 h6 14. Bh4 g5 15. g4 Bh7 16. Nxf7 Bf4 17. Bg3 Rxd4 18. Bxe6+ Kb8 19. Nxh8 1-0

[Event "Palermo op"]
[Site "Palermo"]
[Date "2004.10.29"]
[Round "1"]
[White "Valguarnera, Girolamo"]
[Black "Massafra, Antonio"]
[Result "1-0"]
[WhiteElo "2113"]
[BlackElo "1801"]
[PlyCount "85"]
[EventDate "2004.10.29"]
[EventType "swiss"]
[EventRounds "9"]
[EventCountry "ITA"]
[SourceTitle "EXT 2007"]
[Source "ChessBase"]
[SourceDate "2006.11.23"]
[SourceVersion "1"]
[SourceVersionDate "2006.11.23"]
[SourceQuality "1"]

1. e4 d5 2. exd5 Qxd5 3. Nc3 Qa5 4. d4 Nf6 5. Bc4 c6 6. Bb3 Bf5 7. Nge2 e6 8. 0-0 Bd6 9. d5 cxd5 10. Nd4 Bg6 11. Ndb5 Be5 12. Qe2 Bxc3 13. bxc3 0-0 14. Ba3 Rc8 15. Bb4 Qd8 16. Nd6 Rc7 17. a4 Nc6 18. Ba3 Na5 19. Rab1 Nxb3 20. Rxb3 Ne4 21. Nb5 Rc4 22. f3 Qb6+ 23. Kh1 Nc5 24. Bc1 Nxb3 25. cxb3 Rc6 26. Be3 Qd8 27. Qd2 a6 28. Nd4 Rcc8 29. Ra1 e5 30. Ne2 d4 31. cxd4 Rc2 32. Qe1 Bd3 33. Nc1 Bg6 34. dxe5 Rac8 35. h3 Rb2 36. Ne2 Rcc2 37. Rd1 Qc8 38. Nf4 Bf5 39. Qa5 g5 40. Rd8+ Qxd8 41. Qxd8+ Kg7 42. Nh5+ Kh6 43. Qxg5# 1-0